000 00644nam a2200229Ia 4500
003 OSt
005 20220928121433.0
006 a|||||r|||| 00| 0
007 ta
008 220927b |||||||| |||| 00| 0 eng d
024 _a43358
037 _cTextual
040 _aSDCL
_cSDCL
_beng
041 _2eng
_aeng
082 _aV25(Y73(Q7)'K, K5
100 _aRizvi Saiyid Athar Abbas
245 0 _aMuslim revivalist movements in Northern India
260 _aLuknow
_bBalkrishna Book
_c1965
300 _axiii, 497p
_ccm.
942 _hV25(Y73(Q7)'K, K5
_cTEXL
_2CC
999 _c766270
_d766270